Ανάπτυξη αυτοκαθαριζόμενων υφαρμάτων ενεργών στο ορατό φως : διπλωματική εργασία

Στην παρούσα διπλωματική εργασία έγινε περιγραφή των υφασμάτων και των σύγχρονων τεχνολογιών. Δόθηκε ιδιαίτερη σημασία στις αρχές της φωτοκατάλυσης και του διοξειδίου του τιτανίου ως ένας από τους τυπικούς και πιο σημαντικούς ημιαγωγούς. Επίσης, παρουσιάστηκαν διάφορες μεθόδοι ανάπτυξης υλικών με μι...

Full description

Saved in:
Bibliographic Details
Main Author: Παπαδοπούλου, Ειρήνη Π.
Corporate Author: Πανεπιστήμιο Αιγαίου. Τμήμα Μηχανικών Σχεδίασης Προϊόντων και Συστημάτων
Format: Thesis Book
Language:Greek
Published: 2008.
Subjects:
Online Access:http://hdl.handle.net/11610/9229
Tags: Add Tag
No Tags, Be the first to tag this record!

MARC

LEADER 00000cam a2200000 i 4500
001 1/91198
008 080718s2008 gr | ||| |||| ||gre||
035 |l 10099054 
040 |a GR-MyUa  |b gre  |e AACR2 
041 0 |a gre 
082 7 |a 677.02864   |2 (22) 
100 1 |a Παπαδοπούλου, Ειρήνη Π. 
245 1 0 |a Ανάπτυξη αυτοκαθαριζόμενων υφαρμάτων ενεργών στο ορατό φως :   |b διπλωματική εργασία /   |c Παπαδοπούλου Ειρήνη ; [επιβλέπων καθηγητής: Παρασκευάς Παπανίκος]. 
260 |c 2008. 
300 |a 93 φύλλα :   |b εικ. ;   |c 30 εκ. 
502 |a Πτυχιακή εργασία – Πανεπιστήμιο Αιγαίου, Σύρος, 2008. 
504 |a Βιβλιογραφία: σ. 90-93. 
520 8 |a Στην παρούσα διπλωματική εργασία έγινε περιγραφή των υφασμάτων και των σύγχρονων τεχνολογιών. Δόθηκε ιδιαίτερη σημασία στις αρχές της φωτοκατάλυσης και του διοξειδίου του τιτανίου ως ένας από τους τυπικούς και πιο σημαντικούς ημιαγωγούς. Επίσης, παρουσιάστηκαν διάφορες μεθόδοι ανάπτυξης υλικών με μικροπρόσθετα όπως και τυπικές μέθοδοι χαρακτηρισμού φωτοκαταλυτικών υλικών. Με βάση τη βιβλιογραφική ανασκόπηση προσδιορίστηκε ότι σκοπός της διπλωματικής εργασίας είναι να αναπτυχθούν αυτοκαθαριζομενα υφάσματα με την εφαρμογή νανοδομικών φωτοκαταλυτών ευαίσθητων στο ορατό φως. Ακολούθως έγινε επιλογή των κατάλληλων υφασμάτων. Τα υφάσματα τροποποιήθηκαν επιφανειακά με κατάλληλες ουσίες. Οι συγκεκριμένες ουσίες σύζευξης χρησιμοποιήθηκαν για πρόσδεση στην επιφάνεια των υφασμάτων ενεργών φωτοκαταλυτών οι οποίοι διατήρησαν την δραστικότητά τους και μετά την πρόσδεση. Στη συνέχεια παρακευάσθηκαν νανοσωματίδια τιτανίας καθώς και τιτανία ντοπαρισμένη με ανιόντα αζώτου (Ν) για απορρόφηση στο ορατό μέρος του ηλιακού φάσματος. Η δομή και οι ιδιότητες των νανοσωματιδιακών φωτοκαταλυτών μελετήθηκαν με περίθλαση ακτίνων Χ(XRD), με φασματοσκόπια ορατού-υπεριώδους φωτός (UV-Vis) κλπ. Τα νανοσωματίδια τιτανίας εναποτέθηκαν πάνω σε υφάσματα και ακολούθως, μελετήθηκε η ικανότητα των υφασμάτων να διασπούν αέριους άλλά και υγρούς ρύπους. Επίσης προσδιορίστηκαν οι ιδιότητες των υφασμάτων για απορρόφηση στο ορατό μέρος του φάσματος. Διαπιστώθηκε ότι τα νανοσωματίδια της τιτανίας μπορούν να διασπάσουν υγρούς ρύπους, όπως είναι το Methylene blue (C16H18CN3S), ενώ αντίστοιχα τα νανοσωματίδια της ντοπαρισμένης τιτανίας με άζωτο διέσπασαν αέριο ρύπο (ακετόνη) ακόμα και στο ορατό φάσμα της ηλιακής ακτινοβολίας. 
650 0 0 |a Textile waste  |x Purification  |x Photocatalysis. 
650 0 0 |a Textile fabrics  |x Technological innovations. 
650 0 0 |a Nanotechnology. 
650 0 0 |a Dissertations, Academic  |z Greece. 
700 1 |a Παπανίκος, Παρασκευάς,  |e dgs 
710 2 |a Πανεπιστήμιο Αιγαίου.   |b Τμήμα Μηχανικών Σχεδίασης Προϊόντων και Συστημάτων. 
852 |a INST  |b SYROS  |c DIATR  |e 20080718  |h 677.02864 ΠΑΠ  |p 005500005653  |q 005500005653  |t DIE  |y 23 
852 |a INST  |b SYROS  |c DIATR  |e 20080718  |h 677.02864 ΠΑΠ  |p 005500005655  |q 005500005655  |t DIE  |y 23 
856 |u http://hdl.handle.net/11610/9229 
901 |a BIBL5-2008-2 
924 |a Παπαδοπούλου  |b Ειρήνη  |y Σύρος  |z 2008-06 
970 |a ΚΟΝΤΟΥ  |b ΠΑΡΑΣΚΕΥΗ  |z 2008/07/18